Introduction to Steels : Processing, Properties, and Applications /

Gespeichert in:
Bibliographische Detailangaben
Hauptverfasser: Angelo, P.C (Verfasst von), Ravisankar, B. (Verfasst von)
Format: Buch
Sprache:Englisch
Veröffentlicht: Boca Raton CRC Press 2019
Schlagworte:
Tags: Tag hinzufügen
Keine Tags, Fügen Sie das erste Tag hinzu!

MARC

LEADER 00000nam a22000003a 4500
001 0084775
003 SK-STU
005 20201130111715.4
007 ta
008 201130s ----xo-----e------000-0-----d
040 |a STU  |b slo 
041 0 |a eng 
100 1 |a Angelo, P.C.  |4 aut 
245 1 0 |a Introduction to Steels :   |b Processing, Properties, and Applications /  |c aut. P.C Angelo, B Ravisankar 
260 |a Boca Raton  |b CRC Press  |c 2019 
300 |a 153 s. 
650 0 7 |a ocele 
650 0 7 |a hutníctvo 
650 0 7 |a tepelné spracovanie ocelí 
700 1 |a Ravisankar, B.  |4 aut 
996 |b 284M088497  |c M* 14400-1  |l MMKN  |s A  |a 24  |w 0084775_0001